| 000 | 00362nam a2200133Ia 4500 | ||
|---|---|---|---|
| 008 | 151213s9999 xx 000 0 und d | ||
| 100 | _aJohn F. Danby | ||
| 245 |
_aThe Simple words worth : Studies in the Poems. 1797-1807 _cJohn F. Danby |
||
| 260 |
_aLondon _bRoulbdge _c1960 |
||
| 300 | _a1892 p. | ||
| 650 | _aEnglish | ||
| 700 | _aJohn F. Danby | ||
| 999 |
_c1397 _d1397 |
||